00777nam a22002057a 4500003000500000005001700005008004100022010001000063011001000073035001000083040000900093100002500102245016500127260004100292300002200333502014100355650002200496650003400518650001900552CHAP20220329141729.0971013s1974 r 00010 d a72941 a73913 a83471 cCHAP00aCantú Vega, Jorge. aEfecto del abatimiento de la humedad disponible del suelo sobre la producción del zacate Rhodes (Chlorys-Gayana) y del zacate Bermuda NK-37 (Cynodon dactylon) a(Monterrey, N. L. :bEl autor,c1974 a39 h.b: gráfs. aTesis (M.C. Esp. en Uso, Manejo y Conservación del agua) -- ITESM. Div. de Ciencias Agropecuarias y Marítimas. Programa de Graduados14aCynodon dactylon.14aPastosxEfecto de la humedad.14aZacate Rhodes.